000 00472nam a2200157 i 4500
001 52256
003 ES-MaACL
005 20230906162542.0
007 t|
008 030827s1971 sp ||||1| spa d
100 1 _aChumillas, José.
_938697
245 1 0 _aEducación de la fé en familia
_b: catequesis de preparación a la Confirmación /
_cJosé Chumillas.
260 _aMadrid :
_bMarova,
_c[1971]
300 _a60 p. ;
_c22 cm.
852 _aES-MaACL
_jC-46828
_bR.76027
999 _c52256
_d52256